Представление документа в формате RUSMARC

ПолеНазваниеЗначение
  Тип записи a
  Библиографический уровень m
001 Контрольный номер RU/SLIB/B/208724367
005 Дата корректировки 20201206203958.6
010 Индекс ISBN __
a ISBN 5-289-01819-0
d Цена 650-00; 65 000-00; 92000-00
101 Язык документа 0_
a Язык текста rus
c Язык оригинала rus
c Язык оригинала eng
c Язык оригинала fre
200 Заглавие и сведения об ответственности 0_
a Заглавие Знаменитые Россияне XVIII-XIX веков
e Сведения, относящиеся к заглавию биографии и портреты : по изд. великого князя Николая Михайловича "Русские портреты XVIII-XIX столетий"
f Первые сведения об ответственности [сост. Е. Ф. Петинова ; ред. Э. Ф. Кузнецова ; пер.: Ракова А. Л., Фатеев В. А.]
b Общее обозначение материала Текст
205 Сведения об издании __
a Основные сведения об издании 2-е изд.
210 Выходные данные __
a Место издания СПб.
c Издательство Лениздат
d Дата издания 1996
215 Физическое описание __
a Объем 959 с.
c Иллюстрации/тип воспроизводства ил
320 Библиография __
a Библиография Им. указ.: с. 887-952
330 Аннотация __
a Аннотация Содержит около 500 портретов и жизнеописаний знаменитых личностей, составляющих и приумноживших славу России.
606 Тематические рубрики __
a Основная рубрика История
606 Тематические рубрики __
a Основная рубрика Россия в XVIII в. - 1917 г.
606 Тематические рубрики __
z Хронологическая подрубрика 18 в.; 19 в.
y Географическая подрубрика Россия
610 Ключевые слова __
a Ключевые слова биографии; портреты; персоналии
686 Индексы других классификаций __
a Классификационный индекс 63.3(2)5-8; ст63.3(2)5-8
702 Вторичная интеллектуальная ответственность _1
a Фамилия Петинова
b Имя Е. Ф.
4 Код отношения Составитель
4 Код отношения 220
702 Вторичная интеллектуальная ответственность _1
a Фамилия Кузнецова
b Имя Э. Ф.
4 Код отношения Редактор
4 Код отношения 340
702 Вторичная интеллектуальная ответственность _1
a Фамилия Ракова
b Имя А. Л.
4 Код отношения Переводчик
4 Код отношения 730
702 Вторичная интеллектуальная ответственность _1
a Фамилия Фатеев
b Имя В. А.
4 Код отношения Переводчик
4 Код отношения 730
801 Источник записи _0
a Страна RU
b Организация Муниципальное бюджетное учреждение культуры "Централизованная библиотечная система" г. Сургут (Центральная городская библиотека им. А. С. Пушкина)
g Правила каталогизации КиК/Лебедева
801 Источник записи _1
a Страна RU
b Организация Муниципальное бюджетное учреждение культуры "Централизованная библиотечная система" г. Сургут (Центральная городская библиотека им. А. С. Пушкина)
g Правила каталогизации КиК/Лебедева
852 Данные о местонахождении __
j Шифр хранения 63.3(2)5-8
c Каталожный индекс 63.3(2)5-8
i Авторский знак З-72
p Инвентарный номер 60418; 60499
901 Тип документа __
t Тип документа m
903 Характеристики (МАРС) __
a Дата передачи 20070109
990 Данные о заказе (DOS) __
j Количество экземпляров (DOS) 1; 8
t N записи в КСУ для И/У (DOS) 200701